Spot the Wrong Flags ! - Statistics

General Stats
  • This quiz has been taken 39 times
  • The average score is 7 of 10
Answers on the Map
Answers color-coded by a green-red scale on the quiz's map according to % correct below.
 
Answer Stats
Answer % Correct
Mongolia
94%
Bolivia
92%
United States
92%
Botswana
69%
Ireland
69%
Czech Republic
67%
Pakistan
67%
Uruguay
67%
Niger
61%
Romania
58%
No matching quizzes found
Score Distribution
Percent of People with Each Score
Percentile by Number Answered
Your Score History
You have not taken this quiz